Instruments #1 - Statistics

General Stats
  • This quiz has been taken 31 times
    24 since last reset
  • The average score is 10 of 12
Answer Stats
Picture Answer % Correct
guitar
100%
violin
100%
cello
95%
harp
95%
piano
95%
banjo
91%
bass
86%
viola
86%
ukelele
77%
electric guitar
73%
double bass
64%
electric piano
27%
No matching quizzes found
Score Distribution
Percent of People with Each Score
Percentile by Number Answered
Your Score History
You have not taken this quiz since the last reset